Geografia do Direito: as normas como formas sócio-espaciais /
Salvato in:
| Autore principale: | |
|---|---|
| Natura: | Sconosciuto |
| Lingua: | Spanish |
| Pubblicazione: |
Brasil:
Editora Universitária da UFPE
|
| Tags: |
Aggiungi Tag
Nessun Tag, puoi essere il primo ad aggiungerne!!
|
MARC
| LEADER | 00000 a2200000 04500 | ||
|---|---|---|---|
| 001 | 48615 | ||
| 003 | |||
| 008 | 050701s2009 bl spa d | ||
| 040 | |||
| 020 | |a 978-85-7315-634-8 | ||
| 022 | |a 978-85-7315-634-8 | ||
| 090 | |a 0001 S111g | ||
| 100 | |a Sá, Alcindo José de | ||
| 245 | |a Geografia do Direito: |b as normas como formas sócio-espaciais / |c Alcindo José de Sá | ||
| 260 | |a Brasil: |b Editora Universitária da UFPE | ||
| 300 | |a 163 páginas : |b tabla, mapa | ||
| 999 | |c 9602 |d 9602 | ||



